[Event "Ch Sweden (master's group)"]
[Site "masterchessopen.com Goteborg (Sweden)"]
[Round "5"]
[White "Glimbrant Torbjorn (SWE)"]
[Black "Lundin Jan (SWE)"]
[Result "0-1"]
[WhiteElo "2286"]
[BlackElo "2282"]

1.d4 Nf6 2.c4 e6 3.Nc3 Bb4 4.Qc2 d5 5.cxd5 Qxd5 6.e3 c5 7.Bd2 Bxc3 8.bxc3 O-O
9.Nf3 cxd4 10.cxd4 Nc6 11.Bc4 Qd6 12.O-O b6 13.Rad1 Bb7 14.Bc3 Rac8 15.Qe2 Ne7
16.Ne5 b5 17.Rb1 Rxc4 18.Nxc4 Qc6 19.Qf3 Qa6 20.Qg3 Ne4 21.Qg4 Nxc3 22.Rb3 f5
{#R} 0-1

[Event "Memorial M.Vidmar (cat.12)"]
[Site "masterchessopen.com Portoroz (Slovenia)"]
[Date "2005.07.11"]
[Round "3"]
[White "Beliavsky Alexander G (SLO)"]
[Black "Bartel Mateusz (POL)"]
[Result "1-0"]
[WhiteElo "2631"]
[BlackElo "2513"]

{ Beliavsky Alexander G (SLO) +1 =2 -2 } 1.d4 Nf6 2.c4 e6 3.Nc3 Bb4 4.Qc2 d5
5.cxd5 Qxd5 6.Nf3 ( 6.e3 c5 7.Bd2 Bxc3 8.Bxc3 cxd4 9.Bxd4 Nc6 10.Bc3 Qc5
11.Rc1 O-O 12.b4 Qe7 13.a3 a6 14.Nf3 e5 15.Be2 Bg4 16.O-O Rfe8 17.h3 Bh5
18.Rfd1 h6 19.Bb2 e4 20.Nd4 Nxd4 21.Rxd4 Bxe2 22.Qxe2 Rac8 23.Rdc4 Rxc4
24.Qxc4 Rd8 25.Bxf6 gxf6 { ...1-0, Beliavsky Alexander G 2618 - Komarov
Dimitri 2582 , Vrnjacka Banja 1999 Ch Yugoslavia (team) } ) 6...Qf5 7.Qxf5
exf5 8.Bd2 c6 ( 8...Be6 9.e3 a6 10.Ng5 Nbd7 11.Nxe6 fxe6 12.Bc4 Ke7 13.a3 Bd6
14.O-O c5 15.Rfe1 Rac8 16.Ba2 Rhe8 17.f3 Kf7 18.Rad1 cxd4 19.exd4 Nb6 20.Re2
Nc4 21.Be1 Nd5 22.Nxd5 exd5 23.Rc2 b5 24.Bf2 a5 25.g3 a4 26.Rd3 Kf6 27.g4 g5
28.gxf5 { ...0-1, Kharlov Andrei 2565 - Bosch Jeroen 2405 , Leeuwarden 1997 It
(open) } ) 9.e3 Be6 { ? } ( 9...Nbd7 10.Bc4 Nb6 11.Bb3 Be6 12.Bxe6 fxe6 13.Ke2
Nc4 14.a3 Bd6 15.Bc1 a5 16.b3 Nb6 17.a4 Nbd5 18.Nxd5 exd5 19.Ba3 Bxa3 20.Rxa3
Nd7 21.Ra2 Ke7 22.Rc2 Ra6 23.h3 h5 24.h4 Rb8 25.Rhc1 Kd6 26.Ne1 b5 27.Nd3 bxa4
28.bxa4 Nf8 29.Ne5 { ...1-0, Mikanovic Goran 2305 - Filion Charles 2160 , Defi
1997 Match "Masters - Juniors" } ) 10.Ng5 ( 10.Bd3 Nbd7 11.O-O Nb6 12.Nb5 Bxd2
13.Nc7+ Kd8 14.Nxa8 Nc4 15.d5 Bxd5 16.Bxc4 Bxc4 17.Rfd1 Ke7 18.Nxd2 Be2 19.Re1
Bd3 20.Nb3 Rxa8 21.Nc5 Be4 22.f3 Bd5 23.e4 fxe4 24.fxe4 Be6 25.Nxb7 Rb8 26.Na5
Rxb2 27.Nxc6+ Kd7 28.Ne5+ Ke7 29.a3 a6 { ...1-0, Iskusnyh Sergei 2450 -
Pushkov Nikolai 2485 , Orel 1994 It (cat.9) } ) 10...Nbd7 ( 10...Bd5 11.Nxd5
Bxd2+ 12.Kxd2 Nxd5 13.Bc4 h6 14.Nf3 Nf6 15.Ne5 Ne4+ 16.Ke2 Nd6 17.Bb3 Nd7
18.Nd3 O-O-O 19.Rac1 Kb8 20.Rhd1 Rhe8 21.Kf1 g5 22.g3 Nf6 23.Ne5 Nd5 24.Rxc6
bxc6 25.Nxc6+ Kc7 26.Nxd8 Nxe3+ 27.fxe3 Kxd8 28.Kf2 Re7 29.Rc1 Rc7 30.Rxc7 {
...1-0, Azmaiparashvili Zurab 2620 - Korchnoi Viktor 2635 , Moscow 1995 It
"Kremlin Stars" (active) } ) 11.Nxe6 { N } ( 11.Bd3 h6 12.Nxe6 fxe6 13.a3 (
13.O-O-O O-O-O 14.Ne2 Bd6 15.f3 Nb6 16.Rhe1 Rhe8 17.h3 h5 18.Kb1 Kb8 19.Nc1
Nfd5 20.e4 Nb4 21.Bf1 c5 22.Bg5 Rc8 23.Bb5 Nc6 24.exf5 Bg3 25.Re4 exf5 26.Rxe8
Rxe8 27.dxc5 Nc8 28.Bxc6 bxc6 29.Rd7 g6 30.Rg7 Re6 { ...1-0, Sinkovics Peter
2336 - Papp Zsolt 2179 , Zalakaros 2000 It (open) } ) 13...Bxc3 14.bxc3 Kf7
15.Ke2 Rhd8 16.Rhb1 b6 17.a4 g6 18.Ba6 Rab8 19.a5 Ne4 20.Be1 bxa5 21.c4 Rxb1
22.Rxb1 Rb8 23.Rb7 Rxb7 24.Bxb7 Nb8 25.c5 a4 26.Kd3 a3 27.Kc2 f4 28.f3 Nf6
29.e4 Ke7 30.Kb3 Kd7 { ...0-1, Papp Gellert 2358 - Bakos Balazs 2225 , Hungary
6. 4.2003 Ch Hungary (team) 2002/03 (2 liga) } ) 11...fxe6 { +0.48 CAP }
12.Bc4 Ke7 13.a3 Bd6 14.f3 e5 15.dxe5 Nxe5 16.Ba2 b5 17.Ke2 a5 18.Rhd1 Rhb8
19.Be1 Nc4 20.Rac1 Bxh2 21.Bxc4 bxc4 22.Na4 Be5 23.Rxc4 Bxb2 { ?! } ( 23...Ra6
{ !? } 24.Nc5 Rxb2+ 25.Bd2 Ra7 { } ) 24.Rxc6 Rc8 { ?! } ( 24...Bxa3 { !? }
25.Nb6 Ra7 26.Nc8+ Rxc8 { } ) 25.Rxc8 Rxc8 26.Nxb2 { } {#r} 1-0

[Event "It \"]
[Site "masterchessopen.com Copenhagen (Denmark)"]
[Date "2005.07.19"]
[Round "5"]
[White "Harstad Christian (NOR)"]
[Black "Sjoll Henrik"]
[Result "0-1"]
[WhiteElo "2078"]
[BlackElo "1670"]

1.d4 Nf6 2.c4 e6 3.Nc3 Bb4 4.Qc2 d5 5.cxd5 Nxd5 6.e4 Nxc3 7.bxc3 Be7 8.Nf3 c5
9.Bb5+ Bd7 10.Bxd7+ Qxd7 11.O-O Nc6 12.d5 exd5 13.exd5 Qxd5 14.Rd1 Qh5 15.Rb1
b6 16.Qa4 Rc8 17.Bf4 O-O 18.Re1 Bf6 19.Re3 Qf5 20.Rc1 b5 21.Qe4 Qxe4 22.Rxe4
Rfe8 23.Rxe8+ Rxe8 24.c4 b4 25.Kf1 Nd4 26.Be3 Nxf3 27.gxf3 Bd4 28.Bxd4 cxd4
29.Rd1 Kf8 30.Rxd4 Rc8 31.Ke2 Rc5 32.Kd3 Ke7 33.Re4+ Kd7 34.Rg4 g6 35.Rh4 h5
36.Rf4 Ke6 37.Kc2 Ra5 38.Re4+ Kd6 39.Rd4+ Kc6 40.Kb2 Ra3 {#R} 0-1

[Event "It (cat.16)"]
[Site "masterchessopen.com Biel (Switzerland)"]
[Date "2005.07.24"]
[Round "7"]
[White "Pelletier Yannick (SUI)"]
[Black "Carlsen Magnus (NOR)"]
[Result "1-0"]
[WhiteElo "2583"]
[BlackElo "2570"]

1.d4 Nf6 2.c4 e6 3.Nc3 Bb4 4.Qc2 d5 5.cxd5 c5 6.dxc5 Nxd5 7.Bd2 Bxc5 8.Nxd5
Qxd5 9.e4 Qd4 10.O-O-O Nd7 11.Bb5 O-O 12.Bc3 Qxf2 13.Qxf2 Bxf2 14.Bxd7 Be3+
15.Kc2 Rb8 {#r} 1-0

[Event "It (cat.2) (a)"]
[Site "masterchessopen.com Budapest (Hungary)"]
[Date "2005.09.08"]
[Round "6"]
[White "Woodward Timothy DM (ENG)"]
[Black "Mihok Oliver (GER)"]
[Result "1-0"]
[WhiteElo "2334"]
[BlackElo "2160"]

1.d4 Nf6 2.c4 e6 3.Nc3 Bb4 4.Qc2 d5 5.cxd5 Qxd5 6.e3 c5 7.Bd2 Bxc3 8.Bxc3 cxd4
9.Bxd4 Nc6 10.Bc3 O-O 11.Nf3 e5 12.Be2 Qc5 13.Rc1 Re8 14.O-O Bg4 15.Rfd1 Rad8
16.h3 Rxd1+ 17.Qxd1 Rd8 18.Qc2 Bxf3 19.Bxf3 Nd5 20.Bxe5 Qxc2 21.Rxc2 Ndb4
22.Rc4 Nxe5 23.Rxb4 Nxf3+ 24.gxf3 Rd7 25.f4 f6 26.Kf1 Kf7 27.Ke2 g6 28.Rc4 Ke6
29.e4 Re7 30.f3 Rd7 31.Rc5 Kf7 32.b3 Ke6 33.f5+ Kf7 34.fxg6+ hxg6 35.f4 Ke6
36.Rc3 Rh7 37.Rg3 Rh6 38.Rxg6 Rxh3 39.e5 Rh2+ 40.Kd3 Rxa2 41.Rxf6+ Ke7 42.Rh6
Kf7 43.Rh7+ Ke6 44.Rxb7 Kf5 45.Rf7+ Ke6 46.Rf6+ {#r} 1-0

[Event "It (open)"]
[Site "masterchessopen.com Munich (Germany)"]
[Date "2005.10.01"]
[Round "1"]
[White "Marcelin Cyril (FRA)"]
[Black "Straub Peter (GER)"]
[Result "1-0"]
[WhiteElo "2463"]
[BlackElo "2081"]

1.d4 Nf6 2.c4 e6 3.Nc3 Bb4 4.Qc2 d5 5.cxd5 Qxd5 6.e3 O-O 7.Bd2 Bxc3 8.Bxc3 Nc6
9.Nf3 Ne4 10.Bd3 Nxc3 11.bxc3 h6 12.e4 Qa5 13.O-O Rd8 14.e5 Ne7 15.Nd2 Bd7
16.f4 b6 17.a4 Bc6 18.Nc4 Qd5 19.Ne3 Qd7 20.f5 exf5 21.Bxf5 Nxf5 22.Rxf5 Bd5
23.Rf4 Be6 24.d5 Bxd5 25.Rd1 Qe7 26.Rxd5 Rxd5 27.Nxd5 Qc5+ 28.Rd4 Rd8 29.Qe4
c6 30.Nb4 {#r} 1-0

[Event "Ch Asia (juniors) (under 12)"]
[Site "masterchessopen.com New Delhi (India)"]
[Date "2005.12.11"]
[Round "4"]
[White "Bitan Banerjee (IND)"]
[Black "Priyadharshan K (IND)"]
[Result "0-1"]
[WhiteElo "2007"]
[BlackElo "2098"]

1.d4 Nf6 2.c4 e6 3.Nc3 Bb4 4.Qc2 d5 5.cxd5 Qxd5 6.Nf3 Qf5 7.Qxf5 exf5 8.a3 Be7
9.e3 c6 10.Bd3 O-O 11.O-O g6 12.Bd2 Nbd7 13.b4 Nb6 14.b5 cxb5 15.Nxb5 Nfd5
16.Rfc1 Be6 17.a4 Rfc8 18.a5 a6 19.Rxc8+ Nxc8 20.Na3 Nd6 21.Ne5 Rc8 22.Nac4
Nxc4 23.Bxc4 f6 24.Bxd5 Bxd5 25.Nf3 Rc2 26.Be1 Kf7 27.h3 Ke6 28.Rb1 Kd7 29.Nd2
Bd8 30.Nb3 Bxb3 31.Rxb3 Rc1 32.Kf1 Bxa5 {#R} 0-1

[Event "It (open) \"]
[Site "masterchessopen.com Athens (Greece)"]
[Date "2005.12.29"]
[Round "6"]
[White "Parginos Vassilios (GRE)"]
[Black "Nikolaidis Georgios (GRE)"]
[Result "1-0"]
[WhiteElo "2157"]
[BlackElo "1788"]

1.d4 Nf6 2.c4 e6 3.Nc3 Bb4 4.Qc2 d5 5.cxd5 Nxd5 6.Nf3 c5 7.e3 cxd4 8.exd4 O-O
9.Bd3 f5 10.O-O Nc6 11.a3 Be7 12.Nxd5 exd5 13.Bf4 Bf6 14.Be5 Be6 15.Bxf5 Bxf5
16.Qxf5 Bxe5 17.Qe6+ Kh8 18.Nxe5 Nxe5 19.dxe5 d4 20.Rad1 Qh4 21.Qd7 Rad8
22.Qxb7 d3 23.Qxa7 Qc4 24.Qe3 Rfe8 25.Rd2 Qd5 {#r} 1-0

[Event "Ch France (team) 2006"]
[Site "masterchessopen.com France"]
[Date "2006.02.04"]
[Round "2"]
[White "Flear Glenn C (ENG)"]
[Black "Borne Niels (FRA)"]
[Result "1-0"]
[WhiteElo "2471"]
[BlackElo "2346"]

1.d4 Nf6 2.c4 e6 3.Nc3 Bb4 4.Qc2 d5 5.cxd5 Qxd5 6.Nf3 Qf5 7.Qxf5 exf5 8.a3 Be7
9.b4 c6 10.e3 Be6 11.Bb2 Nd5 12.Na4 a5 13.b5 cxb5 14.Bxb5+ Bd7 15.Nc3 Bxb5
16.Nxb5 f6 17.Ke2 Nd7 18.Rhc1 Kd8 19.a4 Bb4 20.g3 N7b6 21.Ne1 Bxe1 22.Kxe1 Kd7
23.Rc5 Rhc8 24.Rac1 Rc6 25.Kd2 Nb4 26.Ba3 Nxa4 27.Bxb4 axb4 28.Rxf5 b3 29.Na3
Nb6 30.Rxc6 bxc6 31.Nb1 Ra1 32.Nc3 Nc4+ 33.Kd3 Rc1 34.Kxc4 b2 35.Kb3 b1=Q+
36.Nxb1 Rxb1+ 37.Kc2 Rh1 38.h4 Ke6 39.e4 g6 40.Rc5 Rh2 41.Rxc6+ Kf7 42.Rc7+
Ke6 43.Kd3 Rxf2 44.Ke3 Rg2 45.Kf3 Rd2 46.d5+ Ke5 47.Ke3 Rg2 48.Re7+ Kd6
49.Re6+ {#r} 1-0

[Event "It (open)"]
[Site "masterchessopen.com Lyons (France)"]
[Round "6"]
[White "Jedynak Radoslaw (POL)"]
[Black "Vernay Clovis (FRA)"]
[Result "1-0"]
[WhiteElo "2559"]
[BlackElo "2334"]

1.d4 Nf6 2.c4 e6 3.Nc3 Bb4 4.Qc2 d5 5.cxd5 Qxd5 6.Nf3 c5 7.a3 Bxc3+ 8.bxc3 O-O
9.e3 Nc6 10.Be2 cxd4 11.cxd4 e5 12.dxe5 Nxe5 13.Bb2 Nxf3+ 14.Bxf3 Qg5 15.O-O
Re8 16.Qa4 Bf5 17.Bxb7 Be4 18.Bxe4 Nxe4 19.Rad1 h5 20.Rd4 Qf5 21.Qd7 Qc5
22.Rc1 Qg5 23.Rd5 Qh6 24.Rc6 f6 25.Qf5 h4 26.h3 Rab8 27.Rc2 Rb3 28.Rc8 Rxc8
29.Qxc8+ Kh7 30.Rd8 Rxb2 31.Rh8+ Kg6 32.Qe8+ Kf5 33.Rxh6 gxh6 {#r} 1-0

[Event "Ch China (w)"]
[Site "masterchessopen.com Wuxi (China)"]
[Date "2006.06.26"]
[Round "2"]
[White "Huang Qian (CHN)"]
[Black "Li Ruofan (SIN)"]
[Result "0-1"]
[WhiteElo "2403"]
[BlackElo "2391"]

1.d4 Nf6 2.c4 e6 3.Nc3 Bb4 4.Qc2 d5 5.cxd5 Qxd5 6.e3 c5 7.a3 Bxc3+ 8.bxc3 O-O
9.Nf3 Nbd7 10.Be2 b6 11.Nd2 Qd6 12.Bb2 Bb7 13.e4 cxd4 14.cxd4 Rac8 15.Qd3 Qf4
16.g3 Qh6 17.Rd1 Nxe4 18.Nxe4 f5 19.Bf3 fxe4 20.Bxe4 Bxe4 21.Qxe4 Qh3 22.d5
exd5 23.Qxd5+ Rf7 24.Bd4 Nf6 25.Bxf6 gxf6 26.Ke2 Kg7 27.Qe4 Qh5+ 28.g4 Qb5+
29.Kf3 Rc4 30.Qe6 f5 31.Rhe1 Qb3+ {#R} 0-1

[Event "Ch Russia (w)"]
[Site "masterchessopen.com Orel (Russia)"]
[Date "2006.07.07"]
[Round "9"]
[White "Zaiatz Elena (RUS)"]
[Black "Ovod Evgenija (RUS)"]
[Result "1-0"]
[WhiteElo "2395"]
[BlackElo "2407"]

1.d4 Nf6 2.c4 e6 3.Nc3 Bb4 4.Qc2 d5 5.cxd5 Qxd5 6.e3 e5 7.Bd2 Bxc3 8.Bxc3 e4
9.Ne2 Bf5 10.Nf4 Qd6 11.Qb3 Qb6 12.Qa3 a5 13.Bc4 Nc6 14.g4 Bxg4 15.Rg1 Rd8
16.h3 g5 17.Nd5 Nxd5 18.Rxg4 f6 19.O-O-O Kf7 20.Qc5 Ne7 21.Rxe4 Qd6 22.Rxe7+
Kxe7 23.Bxd5 b6 24.Qxd6+ Kxd6 25.Bg2 f5 26.e4 fxe4 27.Bxe4 h5 28.f3 Rhg8
29.Rg1 Rde8 30.Bd2 g4 31.hxg4 hxg4 32.Bf4+ Kd7 33.Bf5+ Kc6 34.Rxg4 Rh8 35.Be5
Rh1+ 36.Kd2 Kd5 37.Be4+ Kc4 38.Rg6 Rd8 39.Rc6+ Kb4 40.Bd3 a4 41.Rc4+ Ka5
42.Rxc7 Rg1 43.a3 b5 44.Ra7+ Kb6 45.Bc7+ Kxa7 46.Bxd8 Ka6 47.f4 Rg8 48.Be7
{#r} 1-0

[Event "Ch Norway (kl. M1)"]
[Site "masterchessopen.com Moss (Norway)"]
[Date "2006.07.08"]
[Round "1"]
[White "Valla Martin (NOR)"]
[Black "Tuft Ole R"]
[Result "1-0"]
[WhiteElo "2038"]
[BlackElo "1677"]

1.d4 e6 2.c4 Nf6 3.Nc3 Bb4 4.Qc2 d5 5.cxd5 Qxd5 6.e3 O-O 7.Bd2 Qd8 8.Nf3 Nc6
9.Bd3 Re8 10.a3 Bd6 11.Ne4 h6 12.Nxd6 Qxd6 13.Rc1 e5 14.dxe5 Nxe5 15.Nxe5 Rxe5
16.Qxc7 Qd5 17.f3 Be6 18.Bc4 Qd4 19.O-O Rxe3 20.Bxe3 Qxe3+ 21.Kh1 Rc8 22.Qxb7
Qf4 23.b3 Nd5 24.Rce1 Rd8 25.Qxa7 Nc7 26.Bxe6 Nxe6 27.Rxe6 fxe6 28.Qe7 {#r}
1-0

[Event "It (open)"]
[Site "masterchessopen.com Banska Stiavnica (Slovakia)"]
[Date "2006.07.09"]
[Round "2"]
[White "Balogh Marian (SVK)"]
[Black "Rigo Zsolt (SVK)"]
[Result "1-0"]
[WhiteElo "2243"]
[BlackElo "2379"]

1.d4 Nf6 2.c4 e6 3.Nc3 Bb4 4.Qc2 d5 5.cxd5 Qxd5 6.Nf3 Qf5 7.Qxf5 exf5 8.Bd2 c6
9.Ne5 Nbd7 10.Nd3 Be7 11.g3 Nb6 12.Bg2 O-O 13.Bg5 a5 14.O-O h6 15.Bxf6 Bxf6
16.e3 a4 17.Nc5 Be7 18.b3 a3 19.Nd3 Be6 20.Nf4 Rfd8 21.Rfd1 g5 22.Nxe6 fxe6
23.Rac1 Kg7 24.Rc2 Bb4 25.Ne2 Kf6 26.Nc1 e5 27.Nd3 Bd6 28.Nxe5 Bxe5 29.dxe5+
Kxe5 30.Rcd2 Rxd2 31.Rxd2 Ra5 32.f4+ Ke6 33.Rc2 Nd5 34.Bxd5+ Rxd5 35.Kf2 Rd1
36.Ke2 Rb1 37.Kd3 Kd5 38.g4 fxg4 39.Rg2 Rb2 {#r} 1-0

[Event "It (open)"]
[Site "masterchessopen.com Avoine (France)"]
[Date "2006.07.22"]
[Round "1"]
[White "Olarasu Gabriela (ROM)"]
[Black "Bonn Thomas (FRA)"]
[Result "1-0"]
[WhiteElo "2246"]
[BlackElo "2080"]

1.d4 Nf6 2.c4 e6 3.Nc3 Bb4 4.Qc2 d5 5.cxd5 Qxd5 6.Nf3 Qf5 7.Qxf5 exf5 8.Bd2 c6
9.e3 Nbd7 10.Bc4 Nb6 11.Bb3 Be6 12.Bxe6 fxe6 13.Ne5 Bd6 14.Nd3 Rd8 15.b3 Nbd5
16.Nxd5 exd5 17.Bb4 Bxb4+ 18.Nxb4 Ke7 19.Rc1 Kd6 20.Nd3 Nd7 21.O-O b6 22.b4
Rc8 23.Rc3 Rc7 24.Ra3 a5 25.Rc1 axb4 26.Nxb4 Rhc8 27.Rd1 Rb7 28.g3 Rcc7 29.Kg2
Ra7 30.Rdd3 Ra5 31.Kf3 Rb5 32.Nc2 c5 33.Rdb3 Rxb3 34.axb3 c4 35.b4 Nf6 36.b5
Ne4 37.Ke2 Ke6 38.f3 Nd6 39.Ra6 Rb7 40.Na3 Kd7 41.Kd2 Nf7 42.h4 Nd6 43.Kc3 Kc7
44.Kb4 Rb8 45.Nb1 Ne8 46.Nc3 Kd6 47.Ra7 Nc7 48.e4 fxe4 49.fxe4 Ne6 50.e5# 1-0

[Event "It (cat.15)"]
[Site "masterchessopen.com Montreal (Canada)"]
[Date "2006.08.12"]
[Round "5"]
[White "Eljanov Pavel (UKR)"]
[Black "Onischuk Alexander (USA)"]
[Result "1-0"]
[WhiteElo "2658"]
[BlackElo "2668"]

{ } 1.d4 Nf6 2.c4 e6 3.Nc3 Bb4 4.Qc2 d5 5.cxd5 Qxd5 6.e3 c5 7.a3 Bxc3+ 8.bxc3
( 8.Qxc3 Nbd7 9.Nf3 cxd4 10.Nxd4 O-O 11.f3 Nb6 12.e4 Qd8 13.Be2 e5 14.Nc2 Re8
15.O-O Be6 16.Rd1 Qc8 17.Qxc8 Raxc8 18.Ne3 Na4 19.Bb5 Bb3 20.Bxe8 Bxd1
21.Bxf7+ Kxf7 22.Nxd1 Nc5 23.Nc3 Nb3 24.Rb1 a6 25.Be3 Na5 26.Rd1 Nc4 27.Bc1
Nxa3 { ...1/2-1/2, Kramnik Vladimir 2780 - Anand Viswanathan 2795 , Frankfurt
1998 It (cat.22) (match 1-2 place) (blitz) } ) 8...O-O { ?/= } ( 8...Nbd7
9.Nf3 b6 10.Bb2 O-O 11.c4 Qd6 12.Rd1 cxd4 13.exd4 { 1/2-1/2, Gagunashvili
Merab 2567 - Tkachiev Vladislav 2609 , Istanbul 2003 Ch Europe } ) 9.Nf3 b6
10.c4 { +0.07 CAP } 10...Qe4 { N } ( 10...Qc6 11.Bd3 Bb7 12.e4 cxd4 13.e5 Nfd7
14.Bxh7+ Kh8 15.h4 Qc5 16.Be4 d3 17.Qxd3 Nxe5 18.Qe2 Bxe4 19.Qxe4 Nbd7 20.O-O
Qxc4 21.Qe3 Nxf3+ 22.Qxf3 Qxh4 23.Bb2 Nf6 24.Rfe1 Qg4 25.Qb7 Nd5 26.Be5 f6
27.Bg3 Rfe8 28.a4 a5 29.Qc6 Rac8 30.Qd7 { ...0-1, Pert Nicholas 2425 - Parker
Jonathan 2523 , England 1999 Ch England (team) 1998/99 } ) ( 10...Qd6 11.e4
Nfd7 12.d5 exd5 13.exd5 Ne5 14.Ng5 Ng6 15.Be2 Qe5 16.Ra2 Bf5 17.Qd2 Nd7 18.f4
Qe8 19.O-O Nf6 20.Bb2 Ne4 21.Nxe4 Qxe4 22.Qc3 f6 23.Bc1 Rad8 24.g4 Bc8 25.Bd3
Qe7 26.Rg2 f5 27.g5 Qd6 28.Rgf2 Kh8 29.Kg2 b5 30.Kg3 { ...0-1, Alatortsev
Vladimir A - Kan Ilya A, Moscow 1945 Ch URS (1/2 final) } ) 11.Bd3 Qg4 12.Bb2
cxd4 13.Ne5 Qh5 { ?! } ( 13...Qxg2 { !? } 14.O-O-O dxe3 15.fxe3 Qxc2+ 16.Bxc2
Bb7 17.Rhg1 Rc8 18.Rdf1 Kf8 19.Bxh7 Na6 20.Bc2 Nc5 { } ) 14.exd4 Bb7 15.O-O
Nc6 16.Rae1 Rfd8 17.Nxc6 Bxc6 18.Re3 Rac8 19.Rh3 Qg4 20.f3 Qf4 21.Bxh7+ Kf8
22.Bd3 Rxd4 23.Rh8+ Ng8 24.Bh7 Rd2 25.Qc3 Ke7 26.a4 Qg5 27.g3 Qc5+ 28.Kh1 Rf2
29.Ba3 Bxf3+ 30.Qxf3 Rxf1+ 31.Qxf1 Qxa3 32.Rxg8 Rxg8 33.Bxg8 f5 34.Qf4 Qxa4
35.Qg5+ Kd6 36.Qf4+ Ke7 37.Qh4+ Ke8 38.Qh5+ Ke7 39.Qf7+ Kd8 40.Qf8+ Kc7
41.Qxg7+ Kd6 42.Qf8+ Ke5 43.Qb8+ Kf6 44.Qd8+ { } {#r} 1-0

[Event "It (open) \"]
[Site "masterchessopen.com Athens (Greece)"]
[Date "2006.08.19"]
[Round "7"]
[White "Kotanjian Tigran (ARM)"]
[Black "Sigalas Frangiskos (GRE)"]
[Result "1-0"]
[WhiteElo "2524"]
[BlackElo "2270"]

1.d4 Nf6 2.c4 e6 3.Nc3 Bb4 4.Qc2 d5 5.cxd5 Qxd5 6.a3 Bxc3+ 7.bxc3 c5 8.Bb2 O-O
9.f3 b6 10.e4 Qg5 11.Bc1 Qh4+ 12.g3 Qh5 13.h4 cxd4 14.cxd4 Ba6 15.g4 Nxg4
16.fxg4 Qxg4 17.Bxa6 Qg3+ 18.Kf1 Nxa6 19.Rh3 Qd6 20.Nf3 Rac8 21.Qg2 f6 22.Kg1
Rf7 23.Kh1 Rfc7 24.Bd2 Qc6 25.Re1 Nb8 26.Rg3 Rf7 27.d5 exd5 28.Nd4 Qd7 29.exd5
Rc4 30.Nf5 Kf8 31.Rge3 {#r} 1-0

[Event "It (open)"]
[Site "masterchessopen.com Thessaloniki (Greece)"]
[Date "2006.08.30"]
[Round "1"]
[White "Grigorov Grigor (BUL)"]
[Black "Tsarouha Menexenia (GRE)"]
[Result "1-0"]
[WhiteElo "2424"]
[BlackElo "1774"]

1.d4 Nf6 2.c4 e6 3.Nc3 Bb4 4.Qc2 d5 5.cxd5 Qxd5 6.Nf3 Nc6 7.a3 Bxc3+ 8.bxc3 b6
9.e3 Bb7 10.Bd3 O-O 11.e4 Qh5 12.e5 Nd7 13.Ng5 h6 14.Be2 Qg6 15.Qxg6 fxg6
16.Nxe6 Rfc8 17.O-O Ne7 18.Bg4 Nf5 19.Nf4 Kh7 20.h4 Rd8 21.h5 Nh4 22.hxg6+
Nxg6 23.Bf5 Nf8 24.Re1 Bc8 25.e6 Re8 26.d5 Re7 27.Re3 Bb7 28.Rg3 Rd8 29.Nxg6
Nxg6 30.Bxg6+ Kh8 31.c4 b5 32.Bb2 bxc4 33.Bf7 {#r} 1-0

[Event "Ch Italy"]
[Site "masterchessopen.com Cremona (Italy)"]
[Date "2006.11.27"]
[Round "6"]
[White "Garcia Palermo Carlos (ITA)"]
[Black "Brunello Sabino (ITA)"]
[Result "1-0"]
[WhiteElo "2452"]
[BlackElo "2460"]

1.d4 Nf6 2.c4 e6 3.Nc3 Bb4 4.Qc2 d5 5.cxd5 Qxd5 6.e3 c5 7.a3 Bxc3+ 8.bxc3 cxd4
9.cxd4 O-O 10.Nf3 b6 11.Bc4 Qc6 12.Bd2 Bb7 13.O-O Rc8 14.Rfc1 Nbd7 15.Qb2 Qe4
16.Ne1 Qh4 17.f3 e5 18.e4 exd4 19.Qxd4 Nc5 20.Qe5 h6 21.Be3 Ncxe4 22.Qe7 Rxc4
23.Rxc4 Bd5 24.Rxe4 Bxe4 25.Bf2 Qf4 26.fxe4 Re8 27.Qxa7 Rxe4 28.Qxb6 Re2
29.Qd8+ Re8 30.Qd3 {#r} 1-0

[Event "Bundesliga 2006/07"]
[Site "masterchessopen.com Austria"]
[Date "2007.01.20"]
[Round "6"]
[White "Genser Harald (AUT)"]
[Black "Petschar Hans (AUT)"]
[Result "1-0"]
[WhiteElo "2351"]
[BlackElo "2084"]

1.d4 Nf6 2.c4 e6 3.Nc3 Bb4 4.Qc2 d5 5.cxd5 Qxd5 6.Nf3 Qf5 7.Qxf5 exf5 8.Bd2 c6
9.e3 h6 10.Bd3 Be6 11.O-O Nbd7 12.Rfc1 O-O 13.Ne2 Bxd2 14.Nxd2 Nd5 15.Nc4 g6
16.Na5 Rab8 17.a3 Rfc8 18.b4 Kf8 19.Rab1 Ke7 20.Kf1 N7f6 21.Ke1 h5 22.Rb2 h4
23.Ng1 g5 24.Nf3 Nh7 25.Rbc2 Kd8 26.Ne5 Ne7 27.Nxb7+ Rxb7 28.Ba6 Rbc7 29.Bxc8
Rxc8 30.Nxc6+ Nxc6 31.Rxc6 Ra8 32.R1c5 Kd7 33.d5 Bxd5 34.Rh6 Bxg2 35.Rxh7 Ke6
36.f4 gxf4 37.exf4 Kf6 38.Rxh4 Be4 39.Rh6+ Kg7 40.Rh3 Re8 41.Kd2 {#r} 1-0

[Event "Ch Bangladesh (w)"]
[Site "masterchessopen.com Dhaka (Bangladesh)"]
[Date "2007.03.15"]
[Round "10"]
[White "Chowdhury Mahmuda Haque (BAN)"]
[Black "Arjuman Mimi (BAN)"]
[Result "1-0"]
[WhiteElo "1822"]
[BlackElo "1822"]

1.d4 Nf6 2.c4 e6 3.Nc3 Bb4 4.Qc2 d5 5.cxd5 Qxd5 6.Nf3 O-O 7.Bd2 Bxc3 8.bxc3 c5
9.c4 Qh5 10.e3 cxd4 11.exd4 Nc6 12.Bc3 Bd7 13.Be2 Ne7 14.Ne5 Qh4 15.Bf3 Bc6
16.Nxc6 Nxc6 17.Rd1 Rac8 18.O-O Rfd8 19.g3 Qh3 20.Qe2 Ne7 21.Bxb7 Rc7 22.Bg2
Qf5 23.g4 Qg5 24.Bd2 Qh4 25.Ba5 Rcd7 26.Bxd8 Rxd8 27.h3 h5 28.gxh5 Nf5 29.d5
exd5 30.cxd5 Qg5 31.Qf3 Nxh5 32.Qg4 {#r} 1-0